| 000 | 00000nam##2200000za#4500 |
| 001 | 9.700197 |
| 003 | CaOODSP |
| 005 | 20210625000727 |
| 007 | cr ||||||||||| |
| 008 | 150407|2003||||xxc|||||o f|0| 0 eng|d |
| 040 | |aCaOODSP|beng |
| 043 | |an-cn--- |
| 086 | 1 |aSC84-2/5555-1004E-MP3 |
| 110 | 1 |aCanada.|bPublic Service Commission of Canada. |bLanguage Training Canada. |
| 245 | 10|aInterface Canada. Teacher's book 4 audio file. |h[electronic resource] |
| 246 | 1 |iAdditional title (within publication) : |aInterface Canada tests. Book 4 audio file |
| 260 | |aOttawa - Ontario : |bPublic Service Commission. |c2003. |
| 300 | |aDuration: 00:50:38 |
| 500 | |aTitle supplied by cataloguer. Comprised of sound files related to the print and PDF versions of Interface Canada. Teacher's book 4 and Tests book 4. Contents: Unit 37, Presentation -- Unit 37, Practice 2 -- Unit 38, Presentation Pt.2 -- Unit 38, Practice 2 -- Unit 39, Presentation, Pt.1 -- Unit 39, Presentation, Pt.2 -- Unit 39, Practice 2 -- Unit 40, Presentation, Pt.1 -- Unit 40, Presentation, Pt.2 -- Unit 40, Practice 2 -- Unit 41, Presentation, Pt.3 -- Unit 41, Presentation, Pt.4 -- Unit 42, Presentation -- Unit 43, Presentation -- Unit 44, Presentation -- Unit 43, Practice 1 -- Unit 44, Practice 1 -- Tests Part 1, Intro. -- Tests Exercise 1, Conversations -- Tests Exercise 2, Intructions -- Tests Exercise 2, Conversations -- Tests Exercise 3, Instructions -- Tests Exercise 3, Conversations -- Tests Exercise 4, Instructions -- Tests Exercise 4, Passage. |
| 520 | 3 |aINTERFACE CANADA is a series for adults studying English as a second language. The series, which covers the beginning to upper-intermediate levels, provides a functional-notional syllabus as well as a structural syllabus. The material is designed primarily to develop speaking and listening skills, with a special emphasis on language used in the office. The INTERFACE CANADA series consists of student books 1 to 8, teacher books 1 to 8, Role Playing for Consolidation – student and teacher books, and accompanying cassettes. Each book provides approximately fifty hours of classroom instruction. |
| 590 | |a15-01-Supp|b2015-01-26 |
| 590 | |a14-52-Supp|b2014-08-22 |
| 690 | 07|aEducational resources|2gcpds |
| 690 | 07|aEnglish language|2gcpds |
| 690 | 07|aTeachers|2gcpds |
| 856 | 40|ahttp://publications.gc.ca|qMP3|s3.28 MB|uhttps://publications.gc.ca/collections/collection_2014/efpc-csps/SC84-2-5555-1004-t4-x2-2-eng.mp3 |
| 856 | 40|ahttp://publications.gc.ca|qMP3|s4.86 MB|uhttps://publications.gc.ca/collections/collection_2014/efpc-csps/SC84-2-5555-1004-t4-x3-2-eng.mp3 |
| 856 | 40|ahttp://publications.gc.ca|qMP3|s1.66 MB|uhttps://publications.gc.ca/collections/collection_2014/efpc-csps/SC84-2-5555-1004-t4-x2-1-eng.mp3 |
| 856 | 40|ahttp://publications.gc.ca|qMP3|s1.36 MB|uhttps://publications.gc.ca/collections/collection_2014/efpc-csps/SC84-2-5555-1004-t4-x4-1-eng.mp3 |
| 856 | 40|ahttp://publications.gc.ca|qMP3|s1.79 MB|uhttps://publications.gc.ca/collections/collection_2014/efpc-csps/SC84-2-5555-1004-t4-x3-1-eng.mp3 |
| 856 | 40|ahttp://publications.gc.ca|qMP3|s1.77 MB|uhttps://publications.gc.ca/collections/collection_2014/efpc-csps/SC84-2-5555-1004-t4-x4-2-eng.mp3 |
| 856 | 40|ahttp://publications.gc.ca|qMP3|s2.24 MB|uhttps://publications.gc.ca/collections/collection_2014/efpc-csps/SC84-2-5555-1004-t4-x1-eng.mp3 |
| 856 | 40|ahttp://publications.gc.ca|qMP3|s2.38 MB|uhttps://publications.gc.ca/collections/collection_2014/efpc-csps/SC84-2-5555-1004-t4-eng.mp3 |
| 856 | 40|ahttp://publications.gc.ca|qMP3|s4,35 MB|uhttps://publications.gc.ca/collections/collection_2014/efpc-csps/SC84-2-5555-1004-37-eng.mp3 |
| 856 | 40|ahttp://publications.gc.ca|qMP3|s2.77 MB|uhttps://publications.gc.ca/collections/collection_2014/efpc-csps/SC84-2-5555-1004-38-2-eng.mp3 |
| 856 | 40|ahttp://publications.gc.ca|qMP3|s1 MB|uhttps://publications.gc.ca/collections/collection_2014/efpc-csps/SC84-2-5555-1004-39-1-eng.mp3 |
| 856 | 40|ahttp://publications.gc.ca|qMP3|s4.17 MB|uhttps://publications.gc.ca/collections/collection_2014/efpc-csps/SC84-2-5555-1004-39-2-eng.mp3 |
| 856 | 40|ahttp://publications.gc.ca|qMP3|s5.02 MB|uhttps://publications.gc.ca/collections/collection_2014/efpc-csps/SC84-2-5555-1004-40-1-eng.mp3 |
| 856 | 40|ahttp://publications.gc.ca|qMP3|s3.51 MB|uhttps://publications.gc.ca/collections/collection_2014/efpc-csps/SC84-2-5555-1004-40-2-eng.mp3 |
| 856 | 40|ahttp://publications.gc.ca|qMP3|s2.30 MB|uhttps://publications.gc.ca/collections/collection_2014/efpc-csps/SC84-2-5555-1004-41-3-eng.mp3 |
| 856 | 40|ahttp://publications.gc.ca|qMP3|s3.62 MB|uhttps://publications.gc.ca/collections/collection_2014/efpc-csps/SC84-2-5555-1004-41-4-eng.mp3 |
| 856 | 40|ahttp://publications.gc.ca|qMP3|s4.21 MB|uhttps://publications.gc.ca/collections/collection_2014/efpc-csps/SC84-2-5555-1004-42-eng.mp3 |
| 856 | 40|ahttp://publications.gc.ca|qMP3|s1.64 MB|uhttps://publications.gc.ca/collections/collection_2014/efpc-csps/SC84-2-5555-1004-43-eng.mp3 |
| 856 | 40|ahttp://publications.gc.ca|qMP3|s4.10 MB|uhttps://publications.gc.ca/collections/collection_2014/efpc-csps/SC84-2-5555-1004-44-eng.mp3 |
| 856 | 40|ahttp://publications.gc.ca|qMP3|s3.75 MB|uhttps://publications.gc.ca/collections/collection_2014/efpc-csps/SC84-2-5555-1004-37-p2-eng.mp3 |
| 856 | 40|ahttp://publications.gc.ca|qMP3|s17.7 MB|uhttps://publications.gc.ca/collections/collection_2014/efpc-csps/SC84-2-5555-1004-38-p2-eng.mp3 |
| 856 | 40|ahttp://publications.gc.ca|qMP3|s2.90 MB|uhttps://publications.gc.ca/collections/collection_2014/efpc-csps/SC84-2-5555-1004-39-p2-eng.mp3 |
| 856 | 40|ahttp://publications.gc.ca|qMP3|s2.08 MB|uhttps://publications.gc.ca/collections/collection_2014/efpc-csps/SC84-2-5555-1004-40-p2-eng.mp3 |
| 856 | 40|ahttp://publications.gc.ca|qMP3|s7.36 MB|uhttps://publications.gc.ca/collections/collection_2014/efpc-csps/SC84-2-5555-1004-43-p1-eng.mp3 |
| 856 | 40|ahttp://publications.gc.ca|qMP3|s3.84 MB|uhttps://publications.gc.ca/collections/collection_2014/efpc-csps/SC84-2-5555-1004-44-p1-eng.mp3 |